Песни Гафиза (Запись № 10962877)

Подробности
000 -МАРКЕР
контрольное поле 02333ncm1a2200385 i 4500
001 - ИДЕНТИФИКАТОР ЗАПИСИ
контрольное поле RU\NLR\ONIZ\227804
005 - ИДЕНТИФИКАТОР ВЕРСИИ
контрольное поле 20260406155439.0
035 ## - ДРУГИЕ СИСТЕМНЫЕ НОМЕРА
Идентификатор записи (NLR Aleph) 012226692
100 ## - ДАННЫЕ ОБЩЕЙ ОБРАБОТКИ
Данные общей обработки 20200218d1917 |||y0rusy50 ca
101 1# - ЯЗЫК РЕСУРСА
Язык текста, звукозаписи и т.д. русский
102 ## - СТРАНА ПУБЛИКАЦИИ ИЛИ ПРОИЗВОДСТВА
Страна публикации Российская Федерация
125 ## - ПОЛЕ КОДИРОВАННЫХ ДАННЫХ: ЗВУКОЗАПИСИ И НОТНЫЕ ИЗДАНИЯ
Форма изложения нотного текста ax
128 ## - ПОЛЕ КОДИРОВАННЫХ ДАННЫХ: МУЗЫКАЛЬНАЯ ФОРМА, ТОНАЛЬНОСТЬ И ЛАД
Музыкальная форма sg
-- li
145 0# - ПОЛЕ КОДИРОВАННЫХ ДАННЫХ: СРЕДСТВО ИСПОЛНЕНИЯ МУЗЫКАЛЬНОГО ПРОИЗВЕДЕНИЯ (УСТАРЕВШЕЕ)
Тип средства исполнения c
200 1# - ЗАГЛАВИЕ И СВЕДЕНИЯ ОБ ОТВЕТСТВЕННОСТИ
Основное заглавие Песни Гафиза
Общее обозначение материала Ноты
Сведения, относящиеся к заглавию [для голоса с фортепиано]
-- ор. 76
Первые сведения об ответственности А. Гречанинов
Последующие сведения об ответственности в переводе А. Фета и Вл. Соловьева
210 ## - ПУБЛИКАЦИЯ, РАСПРОСТРАНЕНИЕ И ДР.
Место издания, распространения и т.д. Москва
Имя издателя, распространителя и т. д. А. Гутхейль
Дата издания, распространения и т.д. cop. 1917
215 ## - ФИЗИЧЕСКАЯ ХАРАКТЕРИСТИКА
Размеры 35 см
313 ## - ПРИМЕЧАНИЯ, ОТНОСЯЩИЕСЯ К ТЕМАТИЧЕСКОМУ ДОСТУПУ
Текст примечания Систематизация документа проведена по изданию - Методика классифицирования музыкальных произведений (нотных изданий) по таблицам Библиотечно-библиографических классификаций : метод. рекомендации / Гос. б-ка СССР им. В.И. Ленина.- М., 1977. Индексу ББК методических рекомендаций присваивается код ББК для научных библиотек - LBC/SL
606 1# - НАИМЕНОВАНИЕ ТЕМЫ КАК ПРЕДМЕТ
Наименование темы Вокальная музыка русская
Хронологический подзаголовок 20 в.
Формальный подзаголовок Ноты
Код системы nlr_sh
608 ## - ФОРМА, ЖАНР, ФИЗИЧЕСКИЕ ХАРАКТЕРИСТИКИ ДОКУМЕНТА КАК ТОЧКА ДОСТУПА
Начальный элемент ввода Романс (вокальный)
Географический подзаголовок Россия
Хронологический подзаголовок 20 в.
Формальный подзаголовок Ноты
Код системы nlr_sh
686 ## - ИНДЕКСЫ ДРУГИХ КЛАССИФИКАЦИЙ
Индекс Щ943.4-42-043.2(28)я44
Издание LBC/SL
Код системы
700 #1 - ИМЯ ЛИЦА - ПЕРВИЧНАЯ ОТВЕТСТВЕННОСТЬ
Системный номер авторитетной/нормативной записи z01790
Начальный элемент ввода Гречанинов
Часть имени, кроме начального элемента ввода А. Т.
Даты 1864 - 1956
Расширение инициалов личного имени Александр Тихонович
Код отношения Композитор
Графика поля Кириллица
702 #0 - ИМЯ ЛИЦА - ВТОРИЧНАЯ ОТВЕТСТВЕННОСТЬ
Код отношения Лирик
Материалы, к которым относится поле rus
Графика поля Кириллица
Начальный элемент ввода Хафиз
Даты ок.1325-1389
Идентификатор авторитетной/нормативной записи RU\NLR\AUTH\779070
Системный номер авторитетной/нормативной записи 118938
702 #1 - ИМЯ ЛИЦА - ВТОРИЧНАЯ ОТВЕТСТВЕННОСТЬ
Системный номер авторитетной/нормативной записи z03790
Начальный элемент ввода Фет
Часть имени, кроме начального элемента ввода А. А.
Даты 1820 - 1892
Расширение инициалов личного имени Афанасий Афанасьевич
Код отношения Переводчик
Графика поля Кириллица
702 #1 - ИМЯ ЛИЦА - ВТОРИЧНАЯ ОТВЕТСТВЕННОСТЬ
Код отношения Переводчик
Материалы, к которым относится поле rus
Графика поля Кириллица
Начальный элемент ввода Соловьев
Часть имени, кроме начального элемента ввода В. С.
Дополнения к именам, кроме дат философ, поэт
Даты 1853-1900
Расширение инициалов личного имени Владимир Сергеевич
Идентификатор авторитетной/нормативной записи RU\NLR\AUTH\777693
Системный номер авторитетной/нормативной записи 117625
790 #1 - ИМЯ ЛИЦА - АЛЬТЕРНАТИВНАЯ ФОРМА
Системный номер авторитетной/нормативной записи z01700
Начальный элемент ввода Grečaninov
Часть имени, кроме начального элемента ввода A. T.
Даты 1864 - 1956
Расширение инициалов личного имени Aleksandr Tichonovič
Код отношения Композитор
Графика поля Латинская
790 #1 - ИМЯ ЛИЦА - АЛЬТЕРНАТИВНАЯ ФОРМА
Системный номер авторитетной/нормативной записи z03702
Начальный элемент ввода Fet
Часть имени, кроме начального элемента ввода A. A.
Даты 1820 - 1892
Расширение инициалов личного имени Afanasij Afanas`evič
Код отношения Переводчик
Графика поля Латинская
790 #1 - ИМЯ ЛИЦА - АЛЬТЕРНАТИВНАЯ ФОРМА
Системный номер авторитетной/нормативной записи z04702
Начальный элемент ввода Solov`ev
Часть имени, кроме начального элемента ввода V. S.
Даты 1853-1900
Расширение инициалов личного имени Vladimir Sergeevič
Код отношения Переводчик
Графика поля Латинская
801 #0 - ИСТОЧНИК ЗАПИСИ
Страна Российская Федерация
Организация NLR
Дата составления 20200218
Правила каталогизации PSBO
801 #1 - ИСТОЧНИК ЗАПИСИ
Страна Российская Федерация
Организация NLR
Дата составления 20200218
Источник данных rusmarc
801 #2 - ИСТОЧНИК ЗАПИСИ
Страна Российская Федерация
Организация NLR
Дата составления 20200218
942 ## - ДОПОЛНИТЕЛЬНЫЕ ЭЛЕМЕНТЫ ЗАПИСИ (АБИС)
Тип экземпляра АБИС Ноты
980 ## - КОЛЛЕКЦИЯ
Название коллекции Отдел нот и звукозаписей

Нет доступных экземпляров.